00421nam a2200145 a 4500008004100000020001500041050001900056100001800075245005500093246002800148260004700176300002100223350000900244700002200253120416s0000 ||||||||||||||||| || u a0574206868 aHF 5438.25 Dav aDavis, Rodney10aInstructor's guide [to accompany] personal selling aa professional approach aChicagobScience Research Associatesc1984 aiii, 199p. : ill a0.00 aUnderwood, Robert